000 00464cam a2200157 4500
001 WS114135
008 010815n 000 0 eng u
035 _a(Sirsi) u114135
245 _aNew York Times
520 _aWeb site for this American newspaper giving daily and archived news.
650 _aUSA
650 _aINTERNATIONAL
650 _aNEWSPAPER
856 4 0 _uhttps://www.nytimes.com
_zView the website free of charge at www.nytimes.com...
942 _n0
999 _c119837
_d119837